Le Commerce européen des produits agricoles

Enregistré dans:
Détails bibliographiques
Format: Livre
Langue:français
Publié: New York Nations Unies 1981
Tags: Ajouter un tag
Pas de tags, Soyez le premier à ajouter un tag!

MARC

LEADER 00000nam a2200000 4500
001 0303169
005 20240725083837.9
041 0 |a fre 
044 |a US 
245 1 0 |a Le Commerce européen des produits agricoles 
264 1 |a New York  |b Nations Unies  |c 1981